000 00788nas a2200277 4500
001 BR0803330
003 BR-BrBNA
005 20231205112256.0
007 ta
008 230509b bl.|||p| |||| 00| 00por d
040 _aBR-BrBNA
_bpor
_cBiblioteca Nacional de Agricultura
041 _a(Pt)
072 _aH60
100 1 _aRocha, D.C.
100 1 _aRodella, R.A.
100 1 _aMartins, D.
100 1 _aMaciel, C.D.G.
245 1 _aEfeito de herbicidas sobre quatro espécies de trapoeraba
650 _aERVA DANINHA
650 _aTRAPOERABA
650 _aHERBICIDA
650 _aCONTROLE QUÍMICO
773 0 _tPlanta Daninha (Brazil)
_xISSN 0100-8358
_g(Apr-Jun 2007), v. 25(2) p. 359-364
_wBR0803330
909 _a202311
_bLúcia
_c55
_dLúcia Elande
942 _2AGRIS
_n0
_cANA
999 _c197130
_d197130